| 000 | 00467nam a22001817a 4500 | ||
|---|---|---|---|
| 003 | CEME | ||
| 005 | 20210628203452.0 | ||
| 008 | 210201b xxu||||| |||| 00| 0 eng d | ||
| 020 | _a969-35-1492-0 | ||
| 040 | _c. | ||
| 082 | _a891.4397 BUT | ||
| 100 |
_aDr.Muhammad Younis But, Butt, Muhammad Younas _965637 |
||
| 245 | _aHam sab umeed say hain | ||
| 260 |
_aLAHORE _bSANG-E-MEEL _c2003 |
||
| 300 | _a216P | ||
| 650 |
_aURDU ADAB-DRAMA _965638 |
||
| 942 |
_cBK _2ddc |
||
| 999 |
_c573791 _d573791 |
||